| 000 | 01013nam a2200277Ia 4500 | ||
|---|---|---|---|
| 001 | Para_10396 | ||
| 003 | CHAP | ||
| 008 | 220125sMayo xx 000 0 und d | ||
| 010 | _a209154 | ||
| 040 | _cCHAP | ||
| 090 | _aPA CD - TESIS 422 | ||
| 100 |
_aGómez Hernández, Félix Miguel _9129481 |
||
| 245 |
_aDiagnóstico de síntomas de declinamieto en fresno (Fraxinus udhei) y cedro blanco (Cupressus lusitánica) en Chapingo / _c Félix Miguel Gómez Hernández; Director Bertha Tlapal Bolaños |
||
| 260 |
_aChapingo, Méx. : _b el autor |
||
| 300 | _a1 CDS ROM (s/n p.) | ||
| 502 | _aTesis (Ing. Agr. Esp. en Parasitología Agrícola). UACh. Departamento Parasitología Agrícola | ||
| 700 |
_aTlapal Bolaños, Bertha. Director _9171336 |
||
| 710 | _aUACh Departamento Parasitología Agrícola | ||
| 901 | _aPA CD - TESIS 422 | ||
| 902 | _aM | ||
| 905 | _a513220Mayo, 2015 ab 8100000000 06 | ||
| 910 | _aMayo | ||
| 942 | _cPARA | ||
| 942 |
_cPARA _d2 |
||
| 999 |
_c209154 _d209154 |
||